Tarheel talk (Record no. 179787)

MARC details
000 -LEADER
fixed length control field 00805nam a2200253Ia 4500
003 - CONTROL NUMBER IDENTIFIER
control field OSt
005 - DATE AND TIME OF LATEST TRANSACTION
control field 20220918185224.0
008 - FIXED-LENGTH DATA ELEMENTS--GENERAL INFORMATION
fixed length control field 220917b |||||||| |||| 00| 0 eng d
037 ## - SOURCE OF ACQUISITION
Terms of availability Textual
040 ## - CATALOGING SOURCE
Original cataloging agency ARTS
Transcribing agency ARTS
Language of cataloging eng
041 ## - LANGUAGE CODE
Source of code eng
Language code of text/sound track or separate title eng
100 ## - MAIN ENTRY--PERSONAL NAME
Personal name Elizson Norman E
9 (RLIN) 68300
245 #0 - TITLE STATEMENT
Title Tarheel talk
Remainder of title an historical study of the English language in North Carolina to 1860
260 ## - PUBLICATION, DISTRIBUTION, ETC.
Place of publication, distribution, etc. Chapel
Name of publisher, distributor, etc. Hill Univ Of North Carolina Press
Date of publication, distribution, etc. 1956
300 ## - PHYSICAL DESCRIPTION
Extent x,324p.
Dimensions cm.
500 ## - GENERAL NOTE
General note Appendices (257-321p) A. Word usages B. Significant spellings
650 ## - SUBJECT ADDED ENTRY--TOPICAL TERM
Topical term or geographic name entry element LINGUISTICS
942 ## - ADDED ENTRY ELEMENTS (KOHA)
Classification part P111v7321.N6, J6 (PD)
Koha item type Textual
Source of classification or shelving scheme Colon Classification (CC)
Holdings
Withdrawn status Lost status Damaged status Not for loan Home library Current library Date acquired Total Checkouts Full call number Barcode Date last seen Price effective from Koha item type
        Arts Library Arts Library 2022-09-18   P111v7321.N6 J6 (PD) AL0270693 2022-09-18 2022-09-18 Textual
Copyright @ Delhi University Library System